Catálogo - Centro de Recursos para el Aprendizaje y la Investigación

Volver al Sitio - CRAI Biblioteca

La litis, los incidentes y la demanda en referimiento en la jurisdicción inmobiliaria : (Registro nro. 113895)

Detalles MARC
000 -CABECERA
campo de control de longitud fija 02975nam a2200325 4500
001 - NÚMERO DE CONTROL
campo de control 113895
003 - IDENTIFICADOR DEL NÚMERO DE CONTROL
campo de control DR-UNIBE
005 - FECHA Y HORA DE LA ÚLTIMA TRANSACCIÓN
campo de control 20250717144204.0
008 - DATOS DE LONGITUD FIJA--INFORMACIÓN GENERAL
campo de control de longitud fija 250717b2011 dr ||||| |||| 00| 0 spa d
020 ## - NÚMERO INTERNACIONAL ESTÁNDAR DEL LIBRO
Número Internacional Estándar del Libro 9789945481068
040 ## - FUENTE DE LA CATALOGACIÓN
Centro catalogador/agencia de origen BIBLIOTECA UNIBE
Lengua de catalogación spa
Centro/agencia transcriptor BIBLIOTECA UNIBE
041 ## - CÓDIGO DE LENGUA
Código de lengua del texto/banda sonora o título independiente spa
Código de lengua original spa
082 ## - NÚMERO DE LA CLASIFICACIÓN DECIMAL DEWEY
Número de edición 22
Número de clasificación RD 346.7293043 M737L 2011
100 1# - ENTRADA PRINCIPAL--NOMBRE DE PERSONA
Nombre de persona Monción, Segundo E.,
Fechas asociadas al nombre 1966-
Término indicativo de función/relación autor
9 (RLIN) 197429
245 13 - MENCIÓN DE TÍTULO
Título La litis, los incidentes y la demanda en referimiento en la jurisdicción inmobiliaria :
Resto del título formularios y jurisprudencias /
Mención de responsabilidad, etc. Segundo E. Monción
250 ## - MENCIÓN DE EDICIÓN
Mención de edición Segunda edición corregida, actualizada y ampliada a cinco capítulos adicionales
260 ## - PUBLICACIÓN, DISTRIBUCIÓN, ETC.
Lugar de publicación, distribución, etc. Santo Domingo, República Dominicana :
Nombre del editor, distribuidor, etc. [Editor no identificado],
Fecha de publicación, distribución, etc. 2011
300 ## - DESCRIPCIÓN FÍSICA
Extensión 611 páginas ;
Dimensiones 24 cm
490 ## - MENCIÓN DE SERIE
Mención de serie Derecho procesal inmobiliario
504 ## - NOTA DE BIBLIOGRAFÍA, ETC.
Nota de bibliografía, etc. Incluye referencias bibliográficas (páginas: 605-611) e índice
505 0# - NOTA DE CONTENIDO CON FORMATO
Nota de contenido con formato Prólogo |<br/>Introducción |<br/>Exordio |<br/>Capítulo I. La Litis sobre derechos registrados |<br/>Capítulo II. Competencia general de la jurisdicción inmobiliaria |<br/>Capítulo III. Nulidad del decreto que declara de utilidad pública un inmueble y procedimiento de expropiación |<br/>Capítulo IV. De las audiencias |<br/>Capítulo V. La simulación de los actos jurídicos |<br/>Capítulo VI. La lesión en terreno registrado |<br/>Capítulo VII. Tercer adquiriente a título oneroso y de buena fe |<br/>Capítulo VIII. La prueba en la jurisdicción inmobiliaria |<br/>Capítulo IX. Los incidentes |<br/>Capítulo X. Los incidentes de la prueba literal |<br/>Capítulo XI. Los incidentes de la instancia |<br/>Capítulo XII. Las excepciones del procedimiento |<br/>Capítulo XIII. Los medios de inadmisión |<br/>Capítulo XIV. La acumulación de los incidentes |<br/>Capítulo XV. La supletoriedad del derecho común |<br/>Capítulo XVI. Acciones que siguen el procedimiento de la litis sin ser una verdadera litis sobre derechos registrados |<br/>Capítulo XVII. La acción en justicia |<br/>Capítulo XVIII. Los incidentes relativos a la variación de las pretensiones de las partes |<br/>Capítulo XIX. Las astreintes por ante la jurisdicción inmobiliaria |<br/>Capítulo XX. El referimiento en la jurisdicción inmobiliaria |<br/>Capítulo XXI. Regularización parcelaria y el deslinde |<br/>Capítulo XXII. El deslinde litigioso |<br/>Capítulo XXIII. La actualización parcelaria y registral de inmuebles complejos |<br/>Capítulo XXIV. La reapertura de los debates |<br/>Capítulo XXV. Las costas y los honorarios |<br/>Capítulo XXVI. El concubinato |<br/>Bibliografía<br/>
650 #7 - PUNTO DE ACCESO ADICIONAL DE MATERIA--TÉRMINO DE MATERIA
Fuente del encabezamiento o término lemb
Término de materia o nombre geográfico como elemento de entrada Bienes raíces
Subdivisión general Aspectos jurídicos
Subdivisión geográfica República Dominicana
9 (RLIN) 197459
650 #7 - PUNTO DE ACCESO ADICIONAL DE MATERIA--TÉRMINO DE MATERIA
Fuente del encabezamiento o término lemb
Término de materia o nombre geográfico como elemento de entrada Registro de la propiedad
Subdivisión geográfica República Dominicana
9 (RLIN) 2563
650 #7 - PUNTO DE ACCESO ADICIONAL DE MATERIA--TÉRMINO DE MATERIA
Fuente del encabezamiento o término lemb
Término de materia o nombre geográfico como elemento de entrada Demanda de propiedades
9 (RLIN) 197460
650 #7 - PUNTO DE ACCESO ADICIONAL DE MATERIA--TÉRMINO DE MATERIA
Fuente del encabezamiento o término lemb
Término de materia o nombre geográfico como elemento de entrada Procesos (Derecho)
650 #7 - PUNTO DE ACCESO ADICIONAL DE MATERIA--TÉRMINO DE MATERIA
Fuente del encabezamiento o término lemb
Término de materia o nombre geográfico como elemento de entrada Formularios legales
9 (RLIN) 21651
650 #7 - PUNTO DE ACCESO ADICIONAL DE MATERIA--TÉRMINO DE MATERIA
Fuente del encabezamiento o término lemb
Término de materia o nombre geográfico como elemento de entrada Recursos administrativos
9 (RLIN) 30720
700 1# - PUNTO DE ACCESO ADICIONAL--NOMBRE DE PERSONA
Nombre de persona Subero Isa, Jorge A.,
Fechas asociadas al nombre 1947-
Término indicativo de función/relación prologuista
942 ## - ELEMENTOS DE PUNTO DE ACCESO ADICIONAL (KOHA)
Fuente del sistema de clasificación o colocación Sistema de Clasificación Decimal Dewey
Tipo de ítem Koha Libro (general)
Existencias
Estado de retiro Estado de pérdida Fuente del sistema de clasificación o colocación No para préstamo Código de colección Localización permanente Fecha de adquisición Total de préstamos Signatura topográfica completa Código de barras Fecha visto por última vez Número de copia Precio válido a partir de Tipo de ítem Koha
  Disponible Sistema de Clasificación Decimal Dewey   General - Libros dominicanos Biblioteca Central UNIBE 16/05/2025   RD 346.7293043 M737L 2011 250859 17/07/2025 Ej. 1 17/07/2025 Libro (general)